難読市町村 - Statistics

General Stats
  • This quiz has been taken 641 times
    523 since last reset
  • The average score is 248 of 405
Answer Stats
Hint Answer % Correct
北海道 苫小牧市 とまこまい
88%
北海道 稚内市 わっかない
88%
北海道 長万部町 おしゃまんべ
87%
北海道 留萌市 るもい
84%
青森県 八戸市 はちのへ
84%
宮城県 気仙沼市 けせんぬま
84%
秋田県 男鹿市 おが
84%
山形県 米沢市 よねざわ
84%
福島県 桑折町 こおり
84%
栃木県 足利市 あしかが
84%
福島県 郡山市 こおりやま
83%
北海道 洞爺湖町 とうやこ
82%
山梨県 甲斐市 かい
82%
山梨県 都留市 つる
82%
福井県 敦賀市 つるが
81%
福井県 若狭町 わかさ
81%
鳥取県 若桜町 わかさ
81%
北海道 音威子府村 おといねっぷ
80%
北海道 倶知安町 くっちゃん
80%
埼玉県 蕨市 わらび
80%
千葉県 我孫子市 あびこ
80%
富山県 氷見市 ひみ
80%
福井県 小浜市 おばま
80%
山口県 長門市 ながと
80%
大分県 日田市 ひた
80%
宮城県 塩竈市 しおがま
79%
福島県 猪苗代町 いなわしろ
79%
新潟県 糸魚川市 いといがわ
79%
静岡県 熱海市 あたみ
79%
島根県 海士町 あま
79%
北海道 占冠村 しむかっぷ
78%
群馬県 嬬恋村 つまごい
78%
埼玉県 上尾市 あげお
78%
東京都 青梅市 おうめ
78%
静岡県 焼津市 やいづ
78%
山口県 宇部市 うべ
78%
神奈川県 逗子市 ずし
77%
兵庫県 尼崎市 あまがさき
77%
広島県 呉市 くれ
77%
愛媛県 今治市 いまばり
77%
北海道 厚岸町 あっけし
76%
北海道 積丹町 しゃこたん
76%
茨城県 常陸太田市 ひたちおおた
76%
埼玉県 朝霞市 あさか
76%
富山県 射水市 いみず
76%
石川県 志賀町 しか
76%
石川県 珠洲市 すず
76%
岐阜県 多治見市 たじみ
76%
兵庫県 伊丹市 いたみ
76%
広島県 三次市 みよし
76%
徳島県 阿波市 あわ
76%
徳島県 三好市 みよし
76%
高知県 四万十市 しまんと
76%
長崎県 対馬市 つしま
76%
北海道 足寄町 あしょろ
75%
北海道 新冠町 にいかっぷ
75%
北海道 美唄市 びばい
75%
青森県 鰺ヶ沢町 あじがさわ
75%
埼玉県 新座市 にいざ
75%
岐阜県 土岐市 とき
75%
大阪府 吹田市 すいた
75%
高知県 安芸市 あき
75%
北海道 和寒町 わっさむ
74%
茨城県 取手市 とりで
74%
新潟県 新発田市 しばた
74%
山梨県 韮崎市 にらさき
74%
大阪府 枚方市 ひらかた
74%
兵庫県 相生市 あいおい
74%
鳥取県 米子市 よなご
74%
広島県 廿日市市 はつかいち
74%
福岡県 久留米市 くるめ
74%
佐賀県 伊万里市 いまり
74%
熊本県 山鹿市 やまが
74%
鹿児島県 奄美市 あまみ
74%
鹿児島県 志布志市 しぶし
74%
茨城県 鉾田市 ほこた
73%
埼玉県 鴻巣市 こうのす
73%
東京都 稲城市 いなぎ
73%
石川県 能美市 のみ
73%
石川県 白山市 はくさん
73%
岐阜県 可児市 かに
73%
滋賀県 近江八幡市 おうみはちまん
73%
滋賀県 米原市 まいばら
73%
大阪府 門真市 かどま
73%
大阪府 能勢町 のせ
73%
広島県 尾道市 おのみち
73%
香川県 坂出市 さかいで
73%
愛媛県 西条市 さいじょう
73%
愛媛県 新居浜市 にいはま
73%
高知県 室戸市 むろと
73%
佐賀県 太良町 たら
73%
佐賀県 鳥栖市 とす
73%
長崎県 壱岐市 いき
73%
長崎県 雲仙市 うんぜん
73%
熊本県 水俣市 みなまた
73%
宮崎県 日向市 ひゅうが
73%
栃木県 益子町 ましこ
72%
栃木県 真岡市 もおか
72%
富山県 砺波市 となみ
72%
静岡県 磐田市 いわた
72%
三重県 尾鷲市 おわせ
72%
大阪府 四條畷市 しじょうなわて
72%
大阪府 富田林市 とんだばやし
72%
奈良県 五條市 ごじょう
72%
佐賀県 神埼町 かんざき
72%
長崎県 諫早市 いさはや
72%
北海道 標茶町 しべちゃ
71%
青森県 野辺地町 のへじ
71%
宮城県 登米市 とめ
71%
石川県 内灘町 うちなだ
71%
長野県 小諸市 こもろ
71%
岐阜県 山県市 やまがた
71%
愛知県 蒲郡市 がまごおり
71%
愛知県 設楽町 したら
71%
大阪府 箕面市 みのお
71%
兵庫県 赤穂市 あこう
71%
和歌山県 由良町 ゆら
71%
福岡県 大牟田市 おおむた
71%
佐賀県 嬉野市 うれしの
71%
宮崎県 延岡市 のべおか
71%
岩手県 八幡平市 はちまんたい
70%
山形県 寒河江市 さがえ
70%
栃木県 下野市 しもつけ
70%
東京都 福生市 ふっさ
70%
長野県 安曇野市 あづみの
70%
滋賀県 野洲市 やす
70%
奈良県 橿原市 かしはら
70%
香川県 小豆島町 しょうどしま
70%
熊本県 球磨村 くま
70%
鹿児島県 指宿市 いぶすき
70%
福島県 磐梯町 ばんだい
69%
栃木県 茂木町 もてぎ
69%
神奈川県 秦野市 はだの
69%
新潟県 見附市 みつけ
69%
山梨県 北杜市 ほくと
69%
岐阜県 揖斐川町 いびがわ
69%
滋賀県 甲賀市 こうか
69%
山口県 周防大島町 すおうおおしま
69%
青森県 中泊町 なかどまり
68%
埼玉県 長瀞町 ながとろ
68%
千葉県 茂原市 もばら
68%
新潟県 小千谷市 おぢや
68%
山梨県 身延町 みのぶ
68%
愛知県 知立市 ちりゅう
68%
大阪府 羽曳野市 はびきの
68%
和歌山県 御坊市 ごぼう
68%
岡山県 総社市 そうじゃ
68%
岡山県 新見市 にいみ
68%
鹿児島県 薩摩川内市 さつませんだい
68%
栃木県 壬生町 みぶ
67%
群馬県 神流町 かんな
67%
埼玉県 幸手市 さって
67%
石川県 津幡町 つばた
67%
長野県 小布施町 おぶせ
67%
滋賀県 甲良町 こうら
67%
兵庫県 丹波篠山市 たんばささやま
67%
山口県 田布施町 たぶせ
67%
愛媛県 大洲市 おおず
67%
高知県 宿毛町 すくも
67%
福岡県 宗像市 むなかた
67%
福岡県 八女市 やめ
67%
熊本県 八代市 やつしろ
67%
大分県 臼杵市 うすき
67%
大分県 豊後高田市 ぶんごたかだ
67%
沖縄県 座間味村 ざまみ
67%
埼玉県 加須市 かぞ
66%
東京都 檜原村 ひのはら
66%
石川県 羽咋市 はくい
66%
愛知県 碧南市 へきなん
66%
兵庫県 猪名川町 いながわ
66%
岡山県 吉備中央町 きびちゅうおう
66%
鹿児島県 姶良市 あいら
66%
鹿児島県 日置市 ひおき
66%
千葉県 匝瑳市 そうさ
65%
富山県 滑川市 なめりかわ
65%
岐阜県 各務原市 かかみがはら
65%
岐阜県 郡上市 ぐじょう
65%
大阪府 交野市 かたの
65%
兵庫県 上郡町 かみごおり
65%
和歌山県 有田市 ありだ
65%
岡山県 井原市 いばら
65%
熊本県 大津町 おおづ
65%
大分県 佐伯市 さいき
65%
宮崎県 西都市 さいと
65%
鹿児島県 出水市 いずみ
65%
沖縄県 恩納村 おんな
65%
沖縄県 多良間村 たらま
65%
福島県 塙町 はなわ
64%
千葉県 八街市 やちまた
64%
神奈川県 真鶴町 まなづる
64%
愛知県 大府市 おおぶ
64%
滋賀県 栗東市 りっとう
64%
島根県 大田市 おおだ
64%
福岡県 嘉麻市 かま
64%
大分県 竹田市 たけた
64%
北海道 興部町 おこっぺ
63%
茨城県 潮来市 いたこ
63%
茨城県 五霞町 ごか
63%
茨城県 行方市 なめがた
63%
埼玉県 小鹿野町 おがの
63%
山梨県 小菅村 こすげ
63%
岐阜県 瑞浪市 みずなみ
63%
岡山県 高梁市 たかはし
63%
山口県 下松市 くだまつ
63%
山口県 防府市 ほうふ
63%
山口県 美祢市 みね
63%
熊本県 宇土市 うと
63%
北海道 訓子府町 くんねっぷ
62%
山形県 遊佐町 ゆざ
62%
東京都 神津島村 こうづしま
62%
東京都 御蔵島村 みくらじま
62%
山梨県 忍野村 おしの
62%
京都府 向日市 むこう
62%
兵庫県 養父市 やぶ
62%
奈良県 斑鳩町 いかるが
62%
奈良県 葛城市 かつらぎ
62%
鳥取県 大山町 だいせん
62%
岡山県 美作市 みまさか
62%
岡山県 和気町 わけ
62%
福岡県 志免町 しめ
62%
鹿児島県 鹿屋市 かのや
62%
千葉県 山武市 さんむ
61%
鳥取県 伯耆町 ほうき
61%
徳島県 藍住町 あいずみ
61%
高知県 越知町 おち
61%
高知県 南国市 なんこく
61%
長崎県 西海市 さいかい
61%
宮崎県 椎葉村 しいば
61%
鹿児島県 中種子町 なかたね
61%
北海道 七飯町 ななえ
60%
福島県 下郷町 しもごう
60%
千葉県 酒々井町 しすい
60%
鳥取県 智頭町 ちづ
60%
高知県 仁淀川町 によどがわ
60%
大分県 国東市 くにさき
60%
鹿児島県 天城町 あまぎ
60%
鹿児島県 垂水市 たるみず
60%
沖縄県 嘉手納町 かでな
60%
北海道 安平町 あびら
59%
山形県 上山市 かみのやま
59%
埼玉県 横瀬町 よこぜ
59%
三重県 度会町 わたらい
59%
奈良県 安堵町 あんど
59%
奈良県 御所市 ごせ
59%
島根県 安来市 やすぎ
59%
愛媛県 久万高原町 くまこうげん
59%
高知県 奈半利町 なはり
59%
福岡県 直方市 のおがた
59%
福岡県 行橋市 ゆくはし
59%
沖縄県 豊見城市 とみぐすく
59%
沖縄県 中城村 なかぐすく
59%
北海道 秩父別町 ちっぷべつ
58%
北海道 比布町 ぴっぷ
58%
岩手県 紫波町 しわ
58%
福島県 会津坂下町 あいづばんげ
58%
静岡県 函南町 かんなみ
58%
兵庫県 宍粟市 しそう
58%
岡山県 赤磐市 あかいわ
58%
徳島県 牟岐町 むぎ
58%
熊本県 宇城市 うき
58%
大分県 九重町 ここのえ
58%
鹿児島県 曽於市 そお
58%
沖縄県 読谷村 よみたん
58%
岩手県 大槌町 おおつち
57%
秋田県 潟上市 かたがみ
57%
大阪府 豊能町 とよの
57%
高知県 佐川町 さかわ
57%
福岡県 小郡市 おごおり
57%
福岡県 豊前市 ぶぜん
57%
熊本県 嘉島町 かしま
57%
熊本県 多良木町 たらぎ
57%
熊本県 津奈木町 つなぎ
57%
大分県 杵築市 きつき
57%
大分県 玖珠町 くす
57%
北海道 寿都町 すっつ
56%
秋田県 上小阿仁村 かみこあに
56%
山形県 真室川町 まむろがわ
56%
群馬県 甘楽町 かんら
56%
埼玉県 毛呂山町 もろやま
56%
長野県 上松町 あげまつ
56%
長野県 南木曽町 なぎそ
56%
千葉県 御宿町 おんじゅく
55%
長野県 下條村 しもじょう
55%
三重県 御浜町 みはま
55%
兵庫県 朝来市 あさご
55%
島根県 江津市 ごうつ
55%
熊本県 産山村 うぶやま
55%
長野県 東御市 とうみ
54%
長崎県 佐々町 さざ
54%
沖縄県 金武町 きん
54%
沖縄県 与那原町 よなばる
54%
北海道 妹背牛町 もせうし
53%
石川県 宝達志水町 ほうだつしみず
53%
岐阜県 安八町 あんぱち
53%
岐阜県 神戸町 ごうど
53%
高知県 馬路村 うまじ
53%
長崎県 新上五島町 しんかみごとう
53%
沖縄県 大宜味村 おおぎみ
53%
茨城県 大子町 だいご
52%
三重県 菰野町 こもの
52%
京都府 久御山町 くみやま
52%
奈良県 三郷町 さんごう
52%
鳥取県 八頭町 やず
52%
徳島県 佐那河内村 さなごうち
52%
鹿児島県 肝付町 きもつき
52%
鹿児島県 和泊町 わどまり
52%
北海道 厚沢部町 あっさぶ
51%
青森県 蓬田村 よもぎた
51%
福島県 柳津町 やないづ
51%
新潟県 聖籠町 せいろう
51%
岡山県 久米南町 くめなん
51%
熊本県 合志市 こうし
51%
鹿児島県 東串良町 ひがしくしら
51%
沖縄県 渡嘉敷村 とかしき
51%
北海道 真狩村 まっかり
50%
埼玉県 越生町 おごせ
50%
京都府 笠置町 かさぎ
50%
和歌山県 上富田町 かみとんだ
50%
熊本県 益城町 ましき
50%
熊本県 御船町 みふね
50%
熊本県 山都町 やまと
50%
沖縄県 本部町 もとぶ
50%
青森県 階上町 はしかみ
49%
徳島県 上勝町 かみかつ
49%
熊本県 苓北町 れいほく
49%
宮崎県 西米良村 にしめら
49%
沖縄県 伊是名村 いぜな
49%
沖縄県 北谷町 ちゃたん
49%
沖縄県 今帰仁村 なきじん
49%
岩手県 軽米町 かるまい
48%
長野県 小谷村 おたり
48%
岐阜県 御嵩町 みたけ
48%
山口県 平生町 ひらお
48%
秋田県 八峰町 はっぽう
47%
山梨県 丹波山村 たばやま
47%
長野県 坂城町 さかき
47%
滋賀県 愛荘町 あいしょう
47%
島根県 知夫村 ちぶ
47%
福岡県 大刀洗町 たちあらい
47%
宮崎県 都農町 つの
47%
福島県 檜枝岐村 ひのえまた
46%
千葉県 長柄町 ながら
46%
和歌山県 太地町 たいじ
46%
福岡県 遠賀町 おんが
46%
福岡県 上毛町 こうげ
46%
北海道 神恵内村 かもえない
45%
宮城県 大衡村 おおひら
45%
群馬県 邑楽町 おうら
45%
愛知県 阿久比町 あぐい
45%
愛知県 大治町 おおはる
45%
京都府 和束町 わづか
45%
奈良県 野迫川村 のせがわ
45%
広島県 神石高原町 じんせきこうげん
45%
香川県 土庄町 とのしょう
45%
福岡県 篠栗町 ささぐり
45%
沖縄県 南風原町 はえばる
45%
青森県 田子町 たっこ
44%
山形県 山辺町 やまのべ
44%
奈良県 御杖村 みつえ
44%
福岡県 桂川町 けいせん
44%
北海道 蘂取村 しべとろ
43%
三重県 木曽岬町 きそさき
43%
熊本県 湯前町 ゆのまえ
43%
鹿児島県 龍郷町 たつごう
43%
兵庫県 神戸市 こうべ
42%
奈良県 曽爾村 そに
42%
和歌山県 印南町 いなみ
42%
群馬県 榛東村 しんとう
41%
千葉県 神崎町 こうざき
41%
熊本県 相良村 さがら
41%
岐阜県 坂祝町 さかほぎ
40%
鳥取県 日吉津村 ひえづ
40%
福岡県 苅田町 かんだ
40%
長崎県 東彼杵町 ひがしそのぎ
40%
熊本県 玉東町 ぎょくとう
40%
沖縄県 国頭村 くにがみ
40%
宮城県 色麻町 しかま
39%
山形県 飯豊町 いいで
39%
奈良県 上牧町 かんまき
39%
奈良県 平群町 へぐり
39%
大分県 日出町 ひじ
39%
沖縄県 伊平屋村 いへや
39%
千葉県 東庄町 とうのしょう
38%
長崎県 小値賀町 おぢか
38%
北海道 平取町 びらとり
37%
沖縄県 粟国村 あぐに
37%
長野県 麻績村 おみ
36%
福岡県 大任町 おおとう
35%
宮崎県 高原町 たかはる
35%
鳥取県 三朝町 みささ
34%
長野県 喬木村 たかぎ
33%
長野県 泰阜村 やすおか
33%
岡山県 矢掛町 やかげ
32%
岩手県 奥州市 おうしゅう
31%
愛媛県 松前町 まさき
31%
高知県 檮原町 ゆすはら
31%
栃木県 上三川町 かみのかわ
29%
岐阜県 七宗町 ひちそう
29%
福岡県 香春町 かわら
28%
島根県 邑南町 おおなん
27%
長崎県 時津町 とぎつ
27%
熊本県 和水町 なごみ
27%
青森県 大鰐町 おおわに
25%
宮崎県 都城市 みやこのじょう
25%
青森県 平内町 ひらない
19%
No matching quizzes found
Score Distribution
Percent of People with Each Score
Percentile by Number Answered
Your Score History
You have not taken this quiz since the last reset